00768nam a22001697a 4500999001700000008004100017050002400058100003700082245005400119260005400173300003300227650005000260650008600310650004000396942003600436952012600472 c15809d15809161104b xxu||||| |||| 00| 0 eng d aLB 2353.54 G74 2010 aKaplan Test Prep and Admissions. aGRE Course Book/cKaplan Test Prep and Admissions aNew York:bKaplan Test Prep and Admissions,c2010 axiii, 694p. :bill. ;c28 cm aGraduate Records Examinations.xStudy guides. aUniversities and colleges.xUnited States.yEntrance examinations.zStudy guides. aEducational tests and measurements. 2lcccBOOKShLB 2353.54 G74 2010 00102lcc4070aMUCbMUCcTECHd2016-11-04eDonation (BFA)l0oLB 2353.54 G74 2010p26882r2018-06-08w2016-11-04yBOOKS